000 00896cam a2200289 i 4500
001 000018109
003 DO-SdBNP
005 20260501094536.0
007 ta
008 820809s1968 pr a 000 p spa d
035 _a(DLC) 82189557
040 _aDO-SdBNP
_bspa
_cBNPHU
_erda
041 _aspa
082 4 _aPR861.44
_bB957a
_222
100 1 _aBurgos, Julia de,
_d1914-1953
_eautor
_4aut.
_914090
245 1 0 _aAntología poética /
_cJulia de Burgos.
264 _aSan Juan, Puerto Rico :
_bBorinque ;
_bEditorial Coquí,
_c1968.
300 _a159 páginas :
_bilustraciones ;
_c23 cm.
336 _atexto
_btxt
_2rdacontent
337 _asin mediación
_bn
_2rdamedia
338 _avolumen
_bnc
_2rdacarrier
650 4 _aPoesía puertorriqueña
_91015
650 4 _aLiteratura puertorriqueña
_ySIGLO XX
_95311
910 _aCatalogación derivada
910 _aWM
942 _2ddc
_cLBS1
999 _c17630
_d17630